[Event "GER-chT School WK H+R"]
[Site "Playchess.com INT"]
[Date "2020.06.17"]
[Round "5.3"]
[White "Cicak, Cedric"]
[Black "Spitzl, Marin"]
[Result "0-1"]
[WhiteElo "1554"]
[BlackElo "1646"]
[PlyCount "58"]
[EventDate "2020.06.10"]
[EventType "team-swiss (blitz)"]
[EventRounds "7"]
[EventCountry "GER"]
[SourceTitle "EXT 2021"]
[Source "ChessBase"]
[SourceDate "2020.10.23"]
[SourceVersion "1"]
[SourceVersionDate "2020.10.23"]
[SourceQuality "1"]
[WhiteTeam "Bad Krozingen Max Planck"]
[BlackTeam "Muenchen Ernst Barlach Realsch"]
[WhiteTeamCountry "GER"]
[BlackTeamCountry "GER"]

1. e3 e6 2. e4 d5 3. e5 c5 4. d4 Nc6 5. dxc5 Bxc5 6. Bb5 Nge7 7. b4 Bb6 8. Bxc6+ Nxc6 9. Nf3 0-0 10. Ng5 Bd4 11. Qd3 g6 12. Nc3 Bxe5 13. Qh3 h5 14. g4 Bxc3+ 15. Qxc3 e5 16. Qh3 Bxg4 17. Qh4 Nxb4 18. Kd2 f6 19. Ne6 g5 20. Qg3 Bxe6 21. c3 Nc6 22. Ba3 Re8 23. Qf3 d4 24. Kc2 Qd5 25. Qxh5 Qe4+ 26. Kb2 dxc3+ 27. Kxc3 Qd4+ 28. Kc2 Bf5+ 29. Kb3 Na5# 0-1

[Event "GER-chT School WK H+R"]
[Site "Playchess.com INT"]
[Date "2020.06.10"]
[Round "2.3"]
[White "Spitzl, Marin"]
[Black "Esterlein, Paul"]
[Result "1-0"]
[WhiteElo "1646"]
[BlackElo "1483"]
[PlyCount "97"]
[EventDate "2020.06.10"]
[EventType "team-swiss (blitz)"]
[EventRounds "7"]
[EventCountry "GER"]
[SourceTitle "EXT 2021"]
[Source "ChessBase"]
[SourceDate "2020.10.23"]
[SourceVersion "1"]
[SourceVersionDate "2020.10.23"]
[SourceQuality "1"]
[WhiteTeam "Muenchen Ernst Barlach Realsch"]
[BlackTeam "Salzstrasse Realschule"]
[WhiteTeamCountry "GER"]
[BlackTeamCountry "GER"]

1. e4 e5 2. Nf3 d6 3. Bc4 Nh6 4. c3 f6 5. d4 c6 6. Bxh6 gxh6 7. d5 c5 8. 0-0 Bg4 9. Bb5+ Bd7 10. Qa4 Bxb5 11. Qxb5+ Qd7 12. Qxd7+ Nxd7 13. Na3 a6 14. b4 0-0-0 15. Nc2 Kb8 16. a3 c4 17. Ne3 Rc8 18. Rab1 b5 19. Ra1 h5 20. a4 Bh6 21. axb5 axb5 22. Ra5 Rc7 23. Rxb5+ Rb7 24. Rxb7+ Kxb7 25. Nxc4 Nb6 26. Nxd6+ Kc7 27. Nf5 Bf8 28. Rc1 Kd7 29. b5 Bc5 30. Ra1 Nc4 31. Ra6 Bd6 32. Ra7+ Bc7 33. Ra4 Nb6 34. Ra7 Rb8 35. Nd2 Nc8 36. Ra1 Rxb5 37. g3 Rc5 38. c4 Ba5 39. Nb3 Rxc4 40. Rxa5 Rc3 41. Nc5+ Kc7 42. Ne6+ Kd7 43. Nfg7 Rc4 44. Nxh5 Rxe4 45. Nxf6+ Kd6 46. Nxe4+ Ke7 47. Rc5 Nd6 48. Rc7+ Ke8 49. Nxd6# 1-0